<?xml version="1.0" encoding="UTF-8"?>
<collection xmlns="http://www.loc.gov/MARC21/slim">
    <record>
        <controlfield tag="001">64138</controlfield>
        <controlfield tag="005">20171221155211.0</controlfield>
        <datafield tag="037" ind1=" " ind2=" ">
            <subfield code="a">TAZ-TFG-2017-3080</subfield>
        </datafield>
        <datafield tag="041" ind1=" " ind2=" ">
            <subfield code="a">spa</subfield>
        </datafield>
        <datafield tag="100" ind1="1" ind2=" ">
            <subfield code="a">Fernández-Lomana Fernández, David</subfield>
        </datafield>
        <datafield tag="242" ind1="0" ind2="0">
            <subfield code="a">Accommodative flexibility with open field autorrefractometer</subfield>
        </datafield>
        <datafield tag="245" ind1="0" ind2="0">
            <subfield code="a">Flexibilidad acomodativa con autorrefractómetro de campo abierto</subfield>
        </datafield>
        <datafield tag="260" ind1=" " ind2=" ">
            <subfield code="a">Zaragoza</subfield>
            <subfield code="b">Universidad de Zaragoza</subfield>
            <subfield code="c">2017</subfield>
        </datafield>
        <datafield tag="506" ind1=" " ind2=" ">
            <subfield code="a">by-nc-sa</subfield>
            <subfield code="b">Creative Commons</subfield>
            <subfield code="c">3.0</subfield>
            <subfield code="u">http://creativecommons.org/licenses/by-nc-sa/3.0/</subfield>
        </datafield>
        <datafield tag="520" ind1=" " ind2=" ">
            <subfield code="a">Para realizar una correcta evaluación del sistema acomodativo es necesario estudiar sus diferentes parámetros que determinan la capacidad del ojo de mantener la imagen nítida de objetos a diferentes distancias y la capacidad de cambiar este enfoque de forma brusca. Estos parámetros como son: la amplitud de acomodación, la flexibilidad acomodativa y la respuesta acomodativa. Se pueden evaluar mediante métodos objetivos y subjetivos.  En este trabajo se ha utilizado el autorrefractómetro Grand Seiko WAM-5500 para valorar la flexibilidad acomodativa a diferentes distancias (cerca y lejos) y con distintos objetos (línea de optotipos y cruz de Malta). Las medidas han sido realizadas en 21 pacientes anteponiendo lentes en un ojo y observando la respuesta acomodativa del ojo contralateral. Se han realizado dos experimentos distintos. Los resultados obtenidos demuestran que existe un lag acomodativo o retardo acomodativo, siendo éste  mayor en visión cercana que en lejana. No se han encontrado diferencias claras entre los diferentes objetos utilizados.  Se concluye que el autorrefractómetro Grand Seiko WAM-5500 permite una medida de la flexibilidad de acomodación en diferentes condiciones de medida, siendo un método fiable de medida.</subfield>
        </datafield>
        <datafield tag="521" ind1=" " ind2=" ">
            <subfield code="a">Graduado en Óptica y Optometría</subfield>
        </datafield>
        <datafield tag="540" ind1=" " ind2=" ">
            <subfield code="a">Derechos regulados por licencia Creative Commons</subfield>
        </datafield>
        <datafield tag="700" ind1=" " ind2=" ">
            <subfield code="a">Perchés Barrena, Sara</subfield>
            <subfield code="e">dir.</subfield>
        </datafield>
        <datafield tag="700" ind1=" " ind2=" ">
            <subfield code="a">Remón Martín, Laura</subfield>
            <subfield code="e">dir.</subfield>
        </datafield>
        <datafield tag="710" ind1="2" ind2=" ">
            <subfield code="a">Universidad de Zaragoza</subfield>
            <subfield code="b">Física Aplicada</subfield>
            <subfield code="c">Optica</subfield>
        </datafield>
        <datafield tag="856" ind1="0" ind2=" ">
            <subfield code="f">687953@celes.unizar.es</subfield>
        </datafield>
        <datafield tag="856" ind1="4" ind2=" ">
            <subfield code="s">1627231</subfield>
            <subfield code="u">http://zaguan.unizar.es/record/64138/files/TAZ-TFG-2017-3080.pdf</subfield>
            <subfield code="y">Memoria (spa)</subfield>
        </datafield>
        <datafield tag="909" ind1="C" ind2="O">
            <subfield code="o">oai:zaguan.unizar.es:64138</subfield>
            <subfield code="p">driver</subfield>
            <subfield code="p">trabajos-fin-grado</subfield>
        </datafield>
        <datafield tag="950" ind1=" " ind2=" ">
            <subfield code="a"></subfield>
        </datafield>
        <datafield tag="951" ind1=" " ind2=" ">
            <subfield code="a">deposita:2017-12-21</subfield>
        </datafield>
        <datafield tag="980" ind1=" " ind2=" ">
            <subfield code="a">TAZ</subfield>
            <subfield code="b">TFG</subfield>
            <subfield code="c">CIEN</subfield>
        </datafield>
    </record>

    
</collection>